Paradox volby: pomocník i nepřítel v místě prodeje
Zákazník je často vystavený rozhodovacej paralýze. Ako sa v nej môže zachovať. Ako pracovať s POP médiami, aby uľahčili zákazníkovi voľbu.
Salvato in:
| Autore principale: | |
|---|---|
| Natura: | Capitolo di libro |
| Lingua: | ceco |
| Soggetti: | |
| Tags: |
Nessun Tag, puoi essere il primo ad aggiungerne!!
|
MARC
| LEADER | 00000naa a2200000 4500 | ||
|---|---|---|---|
| 001 | 0229108 | ||
| 005 | 20220805074100.4 | ||
| 041 | 0 | |a cze | |
| 044 | |a CZ | ||
| 245 | 1 | 0 | |a Paradox volby: pomocník i nepřítel v místě prodeje |c Daniel Jesenský |
| 520 | |a Zákazník je často vystavený rozhodovacej paralýze. Ako sa v nej môže zachovať. Ako pracovať s POP médiami, aby uľahčili zákazníkovi voľbu. | ||
| 610 | 2 | 0 | |a marketing nákupný |
| 610 | 2 | 0 | |a rozhodovanie nákupné |
| 610 | 2 | 0 | |a správanie spotrebiteľa |
| 100 | 1 | |a Jesenský, Daniel | |